000 00474nam a2200145Ia 4500
008 100122s9999 xx 000 0 und d
082 _b13911
_a321.4
100 _aआठवले सदाशिव
245 _aलोकशाहीचा कारभार
260 _bशंकरराव देव
_c1965
300 _a224
630 _aलोकशाहीचा कारभार
730 _aलोकशाहीचा कारभार
942 _cBOOK
999 _c404618
_d404615